[Event "4th Mediterranean Open"]
[Site "Rijeka CRO"]
[Date "2010.11.18"]
[Round "7.8"]
[White "Drazic, Sinisa"]
[Black "Caspi, Israel"]
[Result "1/2-1/2"]
[WhiteTitle "GM"]
[BlackTitle "IM"]
[WhiteElo "2524"]
[BlackElo "2460"]
[WhiteFideId "901172"]
[BlackFideId "2807394"]
[EventDate "2010.11.13"]

1. g3 f5 2. Bg2 Nf6 3. d4 g6 4. Nh3 Bg7 5. c3 Nc6 6. Qb3 d5 7. Nf4 e6 8. Nd2 Qe7
9. O-O O-O 10. a4 b6 11. Qa2 a5 12. Re1 Re8 13. Nf3 Ba6 14. Nd3 Ne4 15. Be3 Rac8
16. Qb1 g5 17. Qc1 g4 18. Nfe5 Nxe5 19. Nxe5 c5 20. f3 cxd4 21. Bxd4 Nc5 22. Ra3
Nd7 23. Qf4 Nxe5 24. Bxe5 Rc4 25. Qe3 Bxe5 26. Qxe5 Qc5+ 27. e3 gxf3 28. Bxf3
Qc7 29. Qxc7 Rxc7 30. Rd1 Bc4 31. Rd4 Kg7 32. Kf2 Kf6 33. Rh4 Ree7 34. Be2 Bxe2
35. Kxe2 Rc4 36. Rd4 Rec7 37. Rb3 R7c6 38. Kf3 R4c5 39. Rh4 Kg6 40. g4 fxg4+ 41.
Rxg4+ Kf6 42. Rf4+ Kg7 43. Ke2 Kg6 44. Rg4+ Kf6 45. Rf4+ Kg6 46. Ra3 Rc4 47. Rf2
Re4 48. Ra1 Rcc4 49. Rg1+ Rg4 50. Rgf1 Kg5 51. Kd3 Rxa4 52. Rf7 h5 53. Rb7 Rae4
54. Rf2 Kh4 55. Rxb6 Kh3 56. b3 Rg2 57. Rf6 Kxh2 58. Rfxe6 Rxe6 59. Rxe6 Rg5 60.
Ra6 h4 61. Rxa5 h3 62. b4 Kg2 63. Ra2+ Kg3 64. e4 h2 65. Ra1 Kh3 66. Rh1 Kg2 67.
Ra1 Kh3 68. Rh1 Rg3+ 69. Kd4 dxe4 70. Kxe4 Rxc3 71. Kd5 Rb3 72. Kc5 Kg2 73.
Rxh2+ Kxh2 74. b5 Kg3 75. b6 Kf4 76. Kc6 Rc3+ 77. Kd6 Rb3 78. Kc7 Ke5 79. b7
Rxb7+ 1/2-1/2

[Event "4th Mediterranean Open"]
[Site "Rijeka CRO"]
[Date "2010.11.18"]
[Round "7.9"]
[White "Baron, Tal"]
[Black "Martinovic, Sasa"]
[Result "1-0"]
[WhiteTitle "IM"]
[BlackTitle "IM"]
[WhiteElo "2455"]
[BlackElo "2502"]
[WhiteFideId "2809958"]
[BlackFideId "14509792"]
[EventDate "2010.11.13"]

1. e4 e6 2. d4 d5 3. Nc3 Bb4 4. e5 Ne7 5. a3 Bxc3+ 6. bxc3 c5 7. Qg4 Qc7 8. Qxg7
Rg8 9. Qxh7 cxd4 10. Ne2 Nbc6 11. f4 Bd7 12. Qd3 dxc3 13. Qxc3 O-O-O 14. Ng3 d4
15. Qc4 Nd5 16. Bd3 f6 17. exf6 Nxf4 18. O-O Nh3+ 19. Kh1 Rxg3 20. f7 1-0

[Event "4th Mediterranean Open"]
[Site "Rijeka CRO"]
[Date "2010.11.18"]
[Round "7.11"]
[White "Brumen, Dinko"]
[Black "Fercec, Nenad"]
[Result "1/2-1/2"]
[WhiteTitle "IM"]
[BlackTitle "GM"]
[WhiteElo "2359"]
[BlackElo "2491"]
[WhiteFideId "14501490"]
[BlackFideId "14500299"]
[EventDate "2010.11.13"]

1. d4 Nf6 2. Bg5 Ne4 3. Bf4 c5 4. f3 Qa5+ 5. c3 Nf6 6. d5 e6 7. e4 exd5 8. exd5
d6 9. a4 Be7 10. Nd2 O-O 11. Nc4 Qd8 12. Ne2 Re8 13. Ng3 Nxd5 14. Qxd5 Bg5+ 15.
Be5 Nc6 16. Ne4 Nxe5 17. Qxd6 Bh4+ 18. g3 Nxf3+ 19. Kf2 Bd7 20. Kxf3 Be7 21. Qd2
Bc6 22. Qxd8 Raxd8 23. Na5 f5 24. Nxc6 fxe4+ 25. Kxe4 Bf6+ 26. Kf3 bxc6 27. Bc4+
Kf8 28. Rad1 Rxd1 29. Rxd1 Rd8 30. Rxd8+ 1/2-1/2

[Event "4th Mediterranean Open"]
[Site "Rijeka CRO"]
[Date "2010.11.18"]
[Round "7.12"]
[White "Medancic, Rikard"]
[Black "Yilmaz, Mustafa"]
[Result "0-1"]
[WhiteTitle "IM"]
[BlackTitle "IM"]
[WhiteElo "2284"]
[BlackElo "2476"]
[WhiteFideId "14500531"]
[BlackFideId "6302718"]
[EventDate "2010.11.13"]

1. d4 Nf6 2. Nf3 e6 3. Bf4 c5 4. e3 b6 5. h3 Be7 6. Nbd2 O-O 7. Bd3 cxd4 8. exd4
Bb7 9. c3 d6 10. O-O Nbd7 11. Bg3 Re8 12. Re1 Nf8 13. a4 a6 14. Qe2 Ng6 15. Ng5
Bf8 16. f4 h6 17. h4 e5 18. Nxf7 Kxf7 19. fxe5 dxe5 20. dxe5 Bc5+ 21. Kh1 Nxe5
22. Bxe5 Rxe5 23. Bc4+ Kf8 24. Qxe5 Qxd2 25. Re2 Qd6 26. Qxd6+ Bxd6 27. Rd1 Bc7
28. Kg1 Bc6 29. b3 b5 30. axb5 axb5 31. Be6 Bg3 32. b4 Re8 33. Kf1 Be4 34. Bb3
Rc8 35. Bc2 Bd5 36. Bd3 Bb3 37. Rb1 Ba4 38. Bc2 Bxc2 39. Rxc2 Nd5 40. Kg1 Nxc3
41. Rf1+ Ke7 42. Rf3 Be5 43. g3 Ke6 44. Kg2 Rc4 45. Kh3 Nd5 46. Ra2 Nxb4 47. Ra5
Rc5 48. Rb3 Bc3 49. Raa3 Nd5 50. Ra6+ Kf5 0-1

[Event "4th Mediterranean Open"]
[Site "Rijeka CRO"]
[Date "2010.11.18"]
[Round "7.13"]
[White "Ivanov, Stojan Emilov"]
[Black "Rukavina, Josip"]
[Result "1/2-1/2"]
[BlackTitle "IM"]
[WhiteElo "2205"]
[BlackElo "2421"]
[WhiteFideId "2903245"]
[BlackFideId "14500191"]
[EventDate "2010.11.13"]

1. b3 e5 2. Bb2 Nc6 3. c4 g6 4. e3 Bg7 5. Nf3 d6 6. Be2 Nf6 7. d4 O-O 8. O-O e4
9. Nfd2 Re8 10. Nc3 h5 11. a3 Bf5 12. b4 Nb8 13. c5 d5 14. b5 Nbd7 15. a4 Nf8
16. a5 N8h7 17. a6 b6 18. Na2 Ng4 19. cxb6 cxb6 20. h3 Nh6 21. Nb4 Be6 22. f4
Nf5 23. Nc6 Qd7 24. Ra3 f6 25. Rc3 Kh8 26. Ba3 Bf8 27. Bxf8 Rxf8 28. Qe1 Rg8 29.
Qf2 Rg7 30. Rfc1 Rag8 31. h4 Qd6 32. Nf1 Nh6 33. R3c2 Bg4 34. Bxg4 Nxg4 35. Qg3
Qd7 36. Nh2 Nh6 37. Nf1 Qd6 38. Kh2 Nf5 39. Qh3 Qa3 40. Rc3 Qb2 41. R1c2 Qxb5
42. Ng3 Nh6 43. Qe6 Qb1 44. Rc1 Qb2 45. R1c2 Qb1 46. Rc1 Qb2 47. R1c2 Qa1 48.
Rc1 Qb2 49. R1c2 Qb1 1/2-1/2

[Event "4th Mediterranean Open"]
[Site "Rijeka CRO"]
[Date "2010.11.18"]
[Round "7.14"]
[White "Foglia, Maurizio"]
[Black "Bukal, Vladimir Jr."]
[Result "1/2-1/2"]
[BlackTitle "IM"]
[WhiteElo "2204"]
[BlackElo "2390"]
[WhiteFideId "806838"]
[BlackFideId "14502941"]
[EventDate "2010.11.13"]

1. d4 d5 2. Bf4 Nf6 3. e3 e6 4. Nf3 c5 5. c3 Nc6 6. Nbd2 Bd6 7. Bg3 O-O 8. Bd3
b6 9. Ne5 Qc7 10. f4 Nd7 11. Qh5 f5 12. Bh4 Be7 13. Nxc6 Bxh4+ 14. Qxh4 Qxc6 15.
Nf3 Nf6 16. Ne5 Qa4 17. Qf2 Ba6 18. Qc2 Qa5 19. O-O Rfc8 20. Rf3 Bxd3 21. Qxd3
b5 22. dxc5 1/2-1/2

[Event "4th Mediterranean Open"]
[Site "Rijeka CRO"]
[Date "2010.11.18"]
[Round "7.15"]
[White "Battaglini, Gabriel"]
[Black "Franciskovic, Borka"]
[Result "0-1"]
[WhiteTitle "IM"]
[BlackTitle "WIM"]
[WhiteElo "2446"]
[BlackElo "2274"]
[WhiteFideId "621650"]
[BlackFideId "14507943"]
[EventDate "2010.11.13"]

1. e4 c6 2. d4 d5 3. Nc3 dxe4 4. Nxe4 Bf5 5. Ng3 Bg6 6. h4 h6 7. Nf3 e6 8. h5
Bh7 9. Bd3 Bxd3 10. Qxd3 Nf6 11. Bd2 Be7 12. O-O-O O-O 13. Qe2 c5 14. dxc5 Qc7
15. Ne4 Nxe4 16. Qxe4 Nd7 17. Kb1 Nf6 18. Qe2 Qxc5 19. Be3 Qf5 20. Nd4 Qe5 21.
Qf3 Nd5 22. Bc1 Rac8 23. Rhe1 Qf6 24. Qb3 Bc5 25. Nf3 Bxf2 26. Rf1 Bc5 27. g4
Nf4 28. Rde1 Bd6 29. Re4 Nd5 30. g5 hxg5 31. Bxg5 Qf5 32. Ree1 Rc6 33. Rg1 Rb6
34. Nd4 Qh7 35. Qh3 Bc5 36. Qh4 Bxd4 37. Qxd4 Rc8 38. Bc1 Rxc2 39. Ka1 Rbc6 40.
Bf4 Rc8 41. h6 g6 42. Bg5 R2c4 43. Qxa7 Nb4 44. Ref1 f5 45. Qb6 Qd7 46. Bd2 Nc2+
47. Kb1 Kh7 48. Bc3 Qd3 49. Rf2 Ne1+ 50. Kc1 Rxc3+ 51. bxc3 Qxc3+ 52. Kb1 Qc1# 0-1

[Event "4th Mediterranean Open"]
[Site "Rijeka CRO"]
[Date "2010.11.18"]
[Round "7.16"]
[White "Naslund, Mikael"]
[Black "Paljusaj, Edmond"]
[Result "0-1"]
[WhiteTitle "FM"]
[BlackTitle "FM"]
[WhiteElo "2151"]
[BlackElo "2316"]
[WhiteFideId "1708260"]
[BlackFideId "14505231"]
[EventDate "2010.11.13"]

1. d4 d5 2. Nf3 c6 3. c4 Nf6 4. cxd5 cxd5 5. Nc3 a6 6. a3 Bf5 7. Bf4 e6 8. e3
Nbd7 9. Be2 Be7 10. Ne5 Nxe5 11. Bxe5 O-O 12. O-O Nd7 13. Bg3 b5 14. a4 b4 15.
Na2 a5 16. Rc1 Ra7 17. Bb5 Nf6 18. Rc6 Ne4 19. Nc1 Bd6 20. Nd3 Rc7 21. Qe2 Rxc6
22. Bxc6 Qb6 23. Rc1 Bxg3 24. hxg3 Nd6 25. Rc5 Rc8 26. Bb5 Bxd3 27. Rxc8+ Nxc8
28. Bxd3 Qc7 29. e4 Ne7 30. exd5 Nxd5 31. Qe5 g6 32. Be4 Qxe5 33. dxe5 Nb6 34.
b3 Nd7 35. f4 f6 36. exf6 Nc5 37. Bc2 Kf7 38. Kf2 Kxf6 39. g4 g5 40. g3 e5 41.
Ke3 h6 42. Bd1 Ke6 43. Be2 exf4+ 44. gxf4 gxf4+ 45. Kxf4 Kd5 46. Bc4+ Kd4 47.
Kf5 Nxa4 48. Kg6 Nc5 49. Kxh6 a4 50. bxa4 Kxc4 51. a5 Kb5 52. a6 Kxa6 53. g5 Ne6 0-1

[Event "4th Mediterranean Open"]
[Site "Rijeka CRO"]
[Date "2010.11.18"]
[Round "7.17"]
[White "Plenca, Julijan"]
[Black "Butuc, Maria"]
[Result "1-0"]
[WhiteTitle "FM"]
[BlackTitle "WIM"]
[WhiteElo "2311"]
[BlackElo "2180"]
[WhiteFideId "14508044"]
[BlackFideId "13902911"]
[EventDate "2010.11.13"]

1. e4 c6 2. d4 d5 3. f3 dxe4 4. fxe4 e5 5. Nf3 Be6 6. c3 Nf6 7. Bd3 Nbd7 8. O-O
Bd6 9. Kh1 Qc7 10. Be3 O-O 11. Nbd2 Rad8 12. Qc2 b5 13. a4 a6 14. Bg1 h6 15. Nh4
Rfe8 16. Nf5 Bf8 17. Rad1 g6 18. Ne3 Bg7 19. Be2 Nb6 20. axb5 axb5 21. Nf3 Ng4
22. Nxg4 Bxg4 23. h3 Be6 24. b3 Nd7 25. Bh2 Qb7 26. Nxe5 Nxe5 27. dxe5 Qc7 28.
Rd6 Bf8 29. Rd4 Bg7 30. Rfd1 Ra8 31. Rd6 Ra3 32. c4 b4 33. Qd3 Rea8 34. Bg3 h5
35. Qe3 R8a5 36. R1d3 Kh7 37. Qg5 Ra1+ 38. Bd1 Rb1 39. Bf4 Raa1 40. Kh2 Qb6 41.
Be3 Qa5 42. c5 Rxd1 43. Rxd1 Rxd1 44. Rxd1 Bxb3 45. Rd2 Qa1 46. g4 Qxe5+ 47.
Qxe5 Bxe5+ 48. Kg2 hxg4 49. hxg4 Bc3 50. Rf2 Bc4 51. Kf3 b3 52. Bc1 Bd4 53. Rh2+
Kg7 54. Bb2 Bxb2 55. Rxb2 Kf6 56. Ke3 Ke5 57. g5 Be6 58. Rg2 Bc8 59. Rh2 Bg4 60.
Rh8 Ke6 61. Kd4 Be2 62. Re8+ Kd7 63. Rb8 Bd1 64. Ke5 Bc2 65. Rb4 Ke7 66. Rb7+
Kd8 67. Kf6 Bxe4 68. Rxb3 Bd5 69. Rb7 Ke8 70. Rb8+ Kd7 71. Rf8 Kc7 72. Rxf7+
Bxf7 73. Kxf7 1-0

[Event "4th Mediterranean Open"]
[Site "Rijeka CRO"]
[Date "2010.11.18"]
[Round "7.18"]
[White "Fucak, Emilijo"]
[Black "Hagesaether, Ellen"]
[Result "1/2-1/2"]
[WhiteTitle "FM"]
[BlackTitle "WIM"]
[WhiteElo "2280"]
[BlackElo "2275"]
[WhiteFideId "14501023"]
[BlackFideId "1501909"]
[EventDate "2010.11.13"]

1. e4 e5 2. Nf3 Nc6 3. Bb5 a6 4. Ba4 Nf6 5. O-O Be7 6. Re1 b5 7. Bb3 d6 8. c3
O-O 9. h3 Nb8 10. d4 Nbd7 11. Bc2 c5 12. Bg5 h6 13. Bh4 Bb7 14. a4 Nh7 15. Bg3
Ng5 16. Nbd2 Bf6 17. dxc5 dxc5 18. b3 Qc7 19. Qe2 1/2-1/2

[Event "4th Mediterranean Open"]
[Site "Rijeka CRO"]
[Date "2010.11.18"]
[Round "7.22"]
[White "Andrejic, Vladica"]
[Black "Andersen, Alf R."]
[Result "1/2-1/2"]
[WhiteElo "2168"]
[BlackElo "2220"]
[WhiteFideId "928178"]
[BlackFideId "1503120"]
[EventDate "2010.11.13"]

1. d4 f5 2. g3 Nf6 3. Bg2 d6 4. Nf3 g6 5. O-O Bg7 6. c4 O-O 7. Nc3 Qe8 8. Re1
Qf7 9. Ng5 Qxc4 10. Bf1 Qc6 11. Qb3+ d5 12. Bf4 h6 13. Bg2 e6 14. Nf3 Qb6 15.
Nb5 Na6 16. Nxc7 Nxc7 17. Qxb6 axb6 18. Bxc7 b5 19. Ne5 Ne8 20. Bb6 Bxe5 21.
dxe5 Bd7 22. Rec1 Kf7 23. e3 Ra6 24. Bc5 Rg8 25. Bf1 Ra8 26. Rc3 Bc6 27. Rb3 Ra5
28. Bd4 Ke7 29. Bc3 Ra7 30. Bxb5 Bxb5 31. Rxb5 Nc7 32. Rb6 Rb8 33. Bb4+ Ke8 34.
Bd6 Rc8 35. Rc1 Kd7 36. Ba3 Ra6 37. Rxb7 Rc6 38. Rxc6 Kxc6 39. Rb3 Nb5 40. Bb4
Ra8 41. a3 d4 42. exd4 Kd5 43. Bc5 Nxd4 44. Bxd4 Kxd4 45. f4 g5 46. Kf2 Rc8 47.
Rb4+ Kd3 48. fxg5 hxg5 49. Kf3 Rc5 50. Rb3+ Kd4 51. Re3 Rc2 52. Re2 g4+ 53. Kf2
Rc1 54. Kg2 Kd3 55. Rf2 Ke3 56. b4 Ra1 57. Rb2 Rxa3 58. b5 Ra8 59. h3 gxh3+ 60.
Kxh3 Ke4 61. b6 Kxe5 62. b7 Rb8 63. Rb6 Kf6 64. Kg2 Kg5 65. Kf3 e5 66. Ke3 f4+
67. gxf4+ exf4+ 68. Ke4 f3 69. Kxf3 Kf5 70. Rb5+ Ke6 1/2-1/2

[Event "4th Mediterranean Open"]
[Site "Rijeka CRO"]
[Date "2010.11.18"]
[Round "7.10"]
[White "Tate, Alan"]
[Black "Nikolov, Sasho"]
[Result "1-0"]
[BlackTitle "IM"]
[WhiteElo "2234"]
[BlackElo "2458"]
[WhiteFideId "2401878"]
[BlackFideId "2900297"]
[EventDate "2010.11.13"]

1. e4 d5 2. exd5 Qxd5 3. Nf3 Nf6 4. d4 Bg4 5. Be2 e6 6. O-O c6 7. c4 Qd8 8. Nc3
Be7 9. Bf4 O-O 10. h3 Bh5 11. Qd2 Nbd7 12. a3 Re8 13. Rfe1 Nb6 14. g4 Bg6 15.
Ne5 Nfd7 16. Nxg6 hxg6 17. Rad1 Bf8 18. g5 a5 19. Kg2 a4 20. h4 Nc8 21. Ne4 Qa5
22. Qxa5 Rxa5 23. Bc7 Ra7 24. Bg3 Ra5 25. Bg4 Ncb6 26. Rc1 Rd8 27. Red1 Raa8 28.
Bf3 Ra7 29. Bf4 Raa8 30. Be2 Nc8 31. Bc7 Re8 32. Bg4 Re7 33. Bd8 Re8 34. Bc7 Re7
35. Bg3 Ra5 36. Re1 Ndb6 37. Nc5 Ra7 38. Bb8 Ra8 39. Bf4 Ra7 40. Bf3 Ra5 41. Be4
e5 42. Bd2 Ra7 43. dxe5 Rxe5 44. Nd3 Re8 45. c5 Nd7 46. h5 gxh5 47. Bh7+ Kxh7
48. Rxe8 Ne7 49. Rd8 b6 50. cxb6 Rb7 51. Bb4 Ng6 52. Rxc6 Bxb4 53. Nxb4 Nxb6 54.
Rdd6 Nd7 55. Ra6 Nde5 56. Rd4 Rb5 57. f4 Ng4 58. Kg3 Ne7 59. Rc4 Ne3 60. Rc3
N7f5+ 61. Kf3 Nd1 62. Rc7 Nd4+ 63. Ke4 Ne6 64. g6+ Kxg6 65. Rc2 Kh7 66. Rxe6
fxe6 67. Rd2 Nxb2 68. Rxb2 Kg6 69. Rc2 h4 70. Rc6 h3 71. Rxe6+ Kh5 72. Kf3 Rc5
73. Re5+ Rxe5 74. fxe5 Kg5 75. Kg3 1-0

[Event "4th Mediterranean Open"]
[Site "Rijeka CRO"]
[Date "2010.11.18"]
[Round "7.19"]
[White "Ionica, Iulia-Ionela"]
[Black "Zufic, Miroslav"]
[Result "1/2-1/2"]
[WhiteTitle "WGM"]
[BlackTitle "IM"]
[WhiteElo "2244"]
[BlackElo "2442"]
[WhiteFideId "1205480"]
[BlackFideId "14506157"]
[EventDate "2010.11.13"]

1. e4 c5 2. Nf3 d6 3. d4 cxd4 4. Nxd4 Nf6 5. Nc3 a6 6. Be3 e5 7. Nf3 Be7 8. Bc4
O-O 9. O-O Nc6 10. Bb3 Na5 11. Qe2 Be6 12. Rfd1 Nxb3 13. axb3 Qc7 14. Bg5 Rac8
15. Bxf6 Bxf6 16. Rac1 Qc5 17. Nd5 Bd8 18. Qd2 f5 19. exf5 Bxf5 20. Ne3 Be6 21.
Qxd6 Qxd6 22. Rxd6 Bxb3 23. Rd7 b5 24. Nxe5 Bg5 25. c3 Rce8 26. Nf3 Rxe3 27.
Nxg5 Re2 28. f3 h6 29. Ne4 Rxb2 30. Re1 Rf5 31. h4 Kh7 32. Nd6 Rf6 33. Ne8 Rf7
34. Ree7 Kg8 35. Rxf7 Bxf7 36. Nd6 Bg6 37. Ra7 Ra2 38. Nxb5 Bd3 39. Nd4 a5 40.
Nc6 a4 41. Nb4 Ra1+ 42. Kf2 Bc4 43. Ke3 Bb3 44. Kd4 Rd1+ 45. Kc5 Rg1 46. g4 Rg3
47. Nd5 Rxf3 48. g5 hxg5 49. hxg5 Rf5 50. c4 Rxg5 51. Kb4 Rg4 52. Rc7 Rg3 53.
Nc3 g5 54. Nxa4 Bxa4 55. Kxa4 g4 56. c5 Rc3 57. Kb5 Rc1 58. Rd7 Kf8 59. Rd3 Rg1
60. c6 Ke7 1/2-1/2

[Event "4th Mediterranean Open"]
[Site "Rijeka CRO"]
[Date "2010.11.18"]
[Round "7.23"]
[White "Ostling, Hakan"]
[Black "Doric, Nenad"]
[Result "0-1"]
[BlackTitle "IM"]
[WhiteElo "2207"]
[BlackElo "2320"]
[WhiteFideId "1708635"]
[BlackFideId "14501694"]
[EventDate "2010.11.13"]

1. f4 g6 2. Nf3 d5 3. g3 c6 4. Bg2 Qb6 5. e3 Bg7 6. Nc3 Nh6 7. b3 Nf5 8. d4 Qa5
9. Qd2 Nd7 10. O-O O-O 11. Re1 Qb6 12. Bb2 Nf6 13. Ne5 Nd6 14. Na4 Qc7 15. c4
Bf5 16. cxd5 cxd5 17. Rac1 Qd8 18. Ba3 Nfe4 19. Qe2 f6 20. Nd3 Re8 21. g4 Bd7
22. Bxd6 exd6 23. Nb4 Qa5 24. Nxd5 Bxa4 25. Bxe4 Rxe4 26. Nc3 Bc6 27. d5 Re7 28.
dxc6 bxc6 29. Qc4+ d5 30. Qxc6 Rd8 31. b4 Qa3 32. Nxd5 Red7 33. Qe6+ Kh8 34. Rc5
Qxa2 35. e4 f5 36. gxf5 Bd4+ 37. Kh1 Qf2 0-1

[Event "4th Mediterranean Open"]
[Site "Rijeka CRO"]
[Date "2010.11.19"]
[Round "8.1"]
[White "Lenic, Luka"]
[Black "Kozul, Zdenko"]
[Result "1/2-1/2"]
[WhiteTitle "GM"]
[BlackTitle "GM"]
[WhiteElo "2619"]
[BlackElo "2595"]
[WhiteFideId "14603853"]
[BlackFideId "14502879"]
[EventDate "2010.11.13"]

1. d4 Nf6 2. c4 g6 3. Nc3 Bg7 4. e4 d6 5. Nf3 O-O 6. Be2 e5 7. O-O Nbd7 8. Qc2
c6 9. d5 c5 10. Bg5 Kh8 11. Ne1 Qc7 12. Nd3 Ng8 13. Bd2 a6 14. Rab1 f5 15. f4 b5
16. exf5 bxc4 17. Nf2 gxf5 18. Bxc4 Ne7 19. b3 e4 20. Nfd1 Bd4+ 21. Ne3 Nf6 22.
Kh1 Ng6 23. Ncd1 a5 24. Bc3 Qg7 25. Qd2 Ng4 26. Rc1 h5 27. Nc2 Bxc3 28. Qxc3 Rg8
29. Qxg7+ Kxg7 30. Nce3 Kf7 31. Bb5 Ne7 32. Nc4 Rd8 33. Nc3 Bb7 34. Rcd1 Nf6 35.
Ne3 Ba6 36. a4 Ne8 37. Nc4 Nc7 38. Rfe1 Bb7 39. Ne3 Rab8 40. Be2 Kg6 41. Kg1 Bc8
42. Bc4 Bd7 43. g3 Ng8 44. Rb1 Nf6 45. Red1 Rb4 46. Nc2 Rb6 47. h4 Kf7 48. Kf2
Ke7 49. Ne3 Rdb8 50. Ke2 Kf7 51. Kd2 Kg6 52. Kc2 Kf7 53. Kd2 Rg8 54. Rg1 Ke7 55.
Kc2 Rbb8 56. Kd2 Rg6 57. Ke2 Rbg8 58. Kf2 Rb8 59. Ke2 Rbg8 60. Kf2 Rb8 1/2-1/2

[Event "4th Mediterranean Open"]
[Site "Rijeka CRO"]
[Date "2010.11.19"]
[Round "8.2"]
[White "Predojevic, Borki"]
[Black "Saric, Ivan"]
[Result "1/2-1/2"]
[WhiteTitle "GM"]
[BlackTitle "GM"]
[WhiteElo "2632"]
[BlackElo "2574"]
[WhiteFideId "930849"]
[BlackFideId "14508150"]
[EventDate "2010.11.13"]

1. e4 e5 2. Nf3 Nc6 3. Bb5 a6 4. Ba4 Nf6 5. O-O Be7 6. Re1 b5 7. Bb3 d6 8. c3
O-O 9. d4 Bg4 10. d5 Na5 11. Bc2 c6 12. h3 Bxf3 13. Qxf3 cxd5 14. exd5 Nc4 15.
Nd2 Nb6 16. Nf1 Nbxd5 17. Ng3 g6 18. Bh6 Re8 19. Rad1 Nf4 20. Bxf4 exf4 21. Qxf4
d5 22. Bb3 Qd6 23. Qg5 Bf8 24. Nf5 Qb6 25. Rxe8 Rxe8 26. Ne3 Bc5 27. Nxd5 Nxd5
28. Qxd5 Bxf2+ 29. Kf1 Rf8 30. Qf3 Bh4 31. Rd7 Qf6 32. Qxf6 Bxf6 33. Ra7 Bg5 34.
Rxa6 Bc1 35. Rb6 Bxb2 36. Rxb5 Bxc3 37. Rb7 Kh8 38. Rc7 Be5 39. Rxf7 Rxf7+ 40.
Bxf7 Kg7 41. Bb3 Kf6 42. Ke2 h5 43. Kd3 h4 44. Kc4 Ke7 45. Kc5 Bd6+ 46. Kc6 Ba3
47. Kb5 Kd7 1/2-1/2

[Event "4th Mediterranean Open"]
[Site "Rijeka CRO"]
[Date "2010.11.19"]
[Round "8.3"]
[White "Kurajica, Bojan"]
[Black "Stevic, Hrvoje"]
[Result "0-1"]
[WhiteTitle "GM"]
[BlackTitle "GM"]
[WhiteElo "2529"]
[BlackElo "2621"]
[WhiteFideId "14400057"]
[BlackFideId "14502569"]
[EventDate "2010.11.13"]

1. d4 d5 2. c4 dxc4 3. e3 e5 4. Bxc4 exd4 5. exd4 Nf6 6. Nf3 Bd6 7. O-O O-O 8.
Nc3 Nc6 9. h3 h6 10. Re1 Re8 11. Rxe8+ Qxe8 12. Nb5 Bf5 13. Nxd6 cxd6 14. Bf4
Qd7 15. Rc1 Be4 16. Be3 Nd5 17. Nd2 Nxe3 18. fxe3 Bg6 19. Qf3 Re8 20. Rc3 Ne7
21. Bb3 b5 22. a3 a5 23. Kh2 b4 24. axb4 axb4 25. Rc1 Nf5 26. Nc4 Qe6 27. Qf4
Re7 28. Re1 Qd5 29. Nd2 Qb5 30. Bc4 Qa5 31. Nf3 Qc7 32. Bd3 d5 33. Ne5 Nh4 34.
Ra1 Bxd3 35. Ra8+ Kh7 36. Nxd3 Qxf4+ 37. Nxf4 Rxe3 38. Nxd5 Re2 39. Nxb4 Rxg2+ 0-1

[Event "4th Mediterranean Open"]
[Site "Rijeka CRO"]
[Date "2010.11.19"]
[Round "8.4"]
[White "Tate, Alan"]
[Black "Brkic, Ante"]
[Result "1/2-1/2"]
[BlackTitle "GM"]
[WhiteElo "2234"]
[BlackElo "2564"]
[WhiteFideId "2401878"]
[BlackFideId "14506688"]
[EventDate "2010.11.13"]

1. e4 c5 2. Nf3 d6 3. d4 cxd4 4. Nxd4 Nf6 5. Nc3 a6 6. h3 g6 7. g4 Bg7 8. Bg2 h5
9. g5 Nfd7 10. Be3 Nc6 11. O-O O-O 12. Kh1 Nb6 13. b3 Qc7 14. Nde2 Bd7 15. Rc1
Rac8 16. Qd2 Nb4 17. a3 Nc6 18. Nd1 a5 19. a4 Nb4 20. c4 Bc6 21. Ndc3 Nd7 22.
Nd5 Bxd5 23. cxd5 Qb8 24. f4 Rxc1 25. Rxc1 Rc8 26. Bf3 Rc7 27. Kg2 Qc8 28. Rxc7
Qxc7 29. Qc1 Qxc1 30. Nxc1 Bb2 31. Bd1 b6 32. Kf3 Nc5 33. Bd2 Bxc1 34. Bxc1 Nbd3
35. Ba3 Nxe4 36. Kxe4 Nf2+ 37. Kd4 Nxd1 38. Bc1 Kf8 39. Kc4 Ke8 40. Kb5 Kd7 41.
Kxb6 Nc3 42. Kxa5 Kc7 43. Bd2 Nxd5 44. Kb5 Kb7 45. b4 h4 46. Kc4 Nb6+ 47. Kb3
Nd5 48. b5 e5 49. fxe5 dxe5 50. Kc4 Nb6+ 51. Kb4 e4 52. Be1 e3 53. Bxh4 Nd7 54.
Bg3 e2 55. a5 Ne5 56. Kc5 Nd3+ 57. Kd6 e1=Q 58. Bxe1 Nxe1 59. Ke7 Nf3 60. h4 Kc7
61. Kxf7 Nxh4 62. Ke6 Nf3 63. Kf6 Nh4 64. Ke6 Nf3 1/2-1/2

[Event "4th Mediterranean Open"]
[Site "Rijeka CRO"]
[Date "2010.11.19"]
[Round "8.5"]
[White "Popovic, Dusan"]
[Black "Baron, Tal"]
[Result "1-0"]
[WhiteTitle "GM"]
[BlackTitle "IM"]
[WhiteElo "2546"]
[BlackElo "2455"]
[WhiteFideId "927031"]
[BlackFideId "2809958"]
[EventDate "2010.11.13"]

1. e4 c5 2. Nf3 e6 3. d3 Nc6 4. g3 g6 5. Bg2 Bg7 6. O-O Nge7 7. c3 e5 8. a3 d6
9. b4 O-O 10. Bb2 h6 11. b5 Na5 12. c4 Be6 13. Nfd2 Qd7 14. f4 f5 15. Nb3 Nxb3
16. Qxb3 g5 17. fxe5 fxe4 18. Nd2 d5 19. cxd5 Rxf1+ 20. Rxf1 Nxd5 21. Nxe4 Ne3
22. Qc3 Nxf1 23. Nxc5 Qxb5 24. Nxe6 Qb6+ 25. Qd4 Ne3 26. Qxb6 axb6 27. Bxb7 Ra7
28. Bf3 Rf7 29. Be2 Bh8 30. d4 Re7 31. Kf2 Rxe6 32. Kxe3 Rc6 33. Bd1 Kf8 34. a4
Rc8 35. Bb3 Ke7 36. d5 h5 37. Ke4 h4 38. gxh4 gxh4 39. Bd4 Rc1 40. d6+ Ke8 41.
Kd5 Rb1 42. Bc2 Rc1 43. Bg6+ Kf8 44. e6 1-0

[Event "4th Mediterranean Open"]
[Site "Rijeka CRO"]
[Date "2010.11.19"]
[Round "8.6"]
[White "Haznedaroglu, Kivanc"]
[Black "Berescu, Alin-Mile"]
[Result "1-0"]
[WhiteTitle "GM"]
[BlackTitle "GM"]
[WhiteElo "2439"]
[BlackElo "2468"]
[WhiteFideId "6300634"]
[BlackFideId "1204920"]
[EventDate "2010.11.13"]

1. e4 e6 2. d4 d5 3. e5 c5 4. c3 Nc6 5. Nf3 Bd7 6. Be2 Rc8 7. O-O a6 8. Na3 cxd4
9. cxd4 Bxa3 10. bxa3 Nge7 11. Rb1 Na5 12. Bd3 h6 13. Ne1 Bc6 14. Qg4 Kf8 15. h4
Qd7 16. h5 Bb5 17. Qe2 Bxd3 18. Nxd3 Rc4 19. Bd2 Nec6 20. Bxa5 Nxa5 21. Nc5 Qc7
22. Rfc1 b6 23. Rxc4 Nxc4 24. Nxa6 Qa7 25. Nb4 Qxa3 26. Nc2 Qa5 27. Ne3 Nxe3 28.
Qxe3 Ke7 29. Qg3 Rg8 30. Kh2 Kd7 31. Rb3 b5 32. Rf3 Ke7 33. Qh4+ Ke8 34. Qf4 Rf8
35. Qc1 Qb6 36. Qa3 f5 37. Qb4 Kf7 38. g4 Kg8 39. gxf5 exf5 40. a4 f4 41. axb5
Qd8 42. Qb3 Qh4+ 43. Kg2 Rc8 44. Qxd5+ Kh8 45. Rh3 Qg4+ 46. Kh2 Qe2 47. Qf3 Qf1
48. Rh4 Rc3 49. Qa8+ Kh7 50. Qg2 Qe2 51. Qg6+ Kg8 52. Rxf4 1-0